000 00547nam a22002057a 4500
003 OSt
005 20180108100227.0
008 150128b xxu||||| |||| 00| 0 eng d
020 _a84-02-10281-6
040 _cBMC
082 _a863.99361
100 1 _913829
_aGarcía Márquez, Gabriel
_d1927-2014
245 1 0 _aCien años de soledad
_cGabriel García Márquez
250 _a1ª ed
260 _aBarcelona
_bBruguera
_c1984
300 _a342 p.
_b17 cm
490 _aLibro amigo
_v1512
650 2 4 _929652
_aNovela colombiana
942 _2ddc
_cBK
999 _c28719
_d28719